[Event "Escaldes zt"]
[Site "Escaldes"]
[Date "1998.11.13"]
[Round "8"]
[White "Magem Badals, Jordi"]
[Black "Vaisser, Anatoli"]
[Result "1-0"]
[WhiteElo "2540"]
[BlackElo "2575"]
[Annotator "Finkel,A"]
[PlyCount "71"]
[EventDate "1998.11.06"]
[EventType "swiss"]
[EventRounds "9"]
[EventCountry "AND"]
[SourceTitle "CBM 068"]
[Source "ChessBase"]
[SourceDate "1999.02.01"]
[SourceVersion "1"]
[SourceVersionDate "1999.02.01"]
[SourceQuality "1"]

1. e4 e6 2. d4 d5 3. Nc3 Nf6 4. e5 Nfd7 5. f4 c5 6. Nf3 Nc6 7. Be3 a6 8. Qd2 b5
9. dxc5 b4 10. Na4 Qa5 11. Nb6 Nxb6 (11... Rb8 $6 12. Nxd7 Bxd7 13. Bd3 Bxc5
14. Bxc5 Qxc5 15. Bxa6 O-O 16. Qf2 (16. Bd3 f6 17. Rf1 Rf7 18. Qf2 Qxf2+ 19.
Rxf2 g5 $44 {Arakhamia,K-Horvath,M/Lenk op 1991 (39)}) 16... Qxf2+ 17. Kxf2 f6
18. Rhe1 g5 19. exf6 gxf4 20. Ne5 Nxe5 21. Rxe5 Rxf6 $13 {Ziatdinov,R-Miljanic,
B/Niksic 1991 (39)}) 12. cxb6 Bc5 13. Bxc5 Qxc5 14. O-O-O ({Nothing promises} 
14. Qf2 Qxf2+ 15. Kxf2 Rb8 16. a4 $6 (16. Ke3 Rxb6 17. Bd3 Ke7 18. a3 Bd7 19.
b3 $11 {Ciemniak,R-Gleizerov,E/POL-chT 1993 (23)}) 16... Na5 17. Nd2 Rxb6 18.
c4 bxc3 19. bxc3 Ke7 20. Bd3 Bd7 $15 {De Heer,M-Kiriakov,P/Dieren op 1997}) (
14. Bd3 Rb8 15. Qf2 Qxb6 16. Qxb6 Rxb6 17. Kd2 Ke7 18. Ke3 Bd7 19. h4 h5 20.
Rag1 g6 21. g4 hxg4 $11 {Kovacevic,P-Vasiljevic,D/Belgrade-B 1990 (36)}) 14...
Qxb6 15. h4 (15. Bd3 a5 16. Kb1 a4 17. b3 Ba6 18. f5 Bxd3 19. Qxd3 Qc5 20. Rhe1
$36 {Hansen,M-Krause,U/OLNN 1992 (33)}) 15... h5 (15... Bb7 16. Rh3 O-O-O $6
17. Nd4 Kc7 18. c3 Nxd4 19. Qxd4 Qxd4 20. Rxd4 bxc3 21. Rxc3+ $16 {Ziatdinov,
R-Glek,I/Kusadasi op 1990 (39)}) 16. Rh3 $5 {[%cal Gh3b3,Gf3d4]} a5 (16... g6
$6 17. Nd4 $1 {[%csl Rb4]} Nxd4 18. Qxd4 Qxd4 19. Rxd4 a5 20. a3 Ke7 21. axb4
axb4 22. Kd2 $16) 17. Kb1 Ba6 $6 {Passing the initiative into white's hands.It
was better first to play 17...g6 and only then to develop the bishop.For
example:} (17... g6 18. Nd4 $6 Ba6 19. Bxa6 Rxa6 20. Nxc6 Qxc6 21. Rd3 O-O $11)
18. Bxa6 Qxa6 19. f5 $1 $36 exf5 20. Qg5 Ne7 ({Very serious attention deserved
caregous} 20... g6 $5 21. e6 fxe6 $1 22. Qxg6+ Kd7 23. Qf7+ Kd6 24. Ng5 Rhe8
25. Re3 Qc8 26. Qxh5 $36 {with dangerous,but unclear position.}) 21. e6 Qxe6 (
21... fxe6 22. Nd4 $1 {[%csl Re6,Re8]} Kf7 23. Re3 Rh6 24. Rde1 $16) 22. Qxg7
Rg8 23. Qd4 Rxg2 24. Re1 Re2 25. Rhh1 Rc8 26. Qd1 Rxe1 $2 {So far black
defended corectly,but his last move is a serious mistake,leading to very quick
lose.Better was} (26... Re4 27. Ng5 Rxe1 (27... Qc6 28. Nxe4 fxe4 29. Rh2 Qg6
30. Rg1 $14) 28. Rxe1 Qc6 29. Qd3 Kf8 30. Nh7+ Ke8 31. Qxf5 Kd8 32. Qf2 $36 {
with position,where white has the initiative,but black's defensive resourses
are significient.}) 27. Rxe1 Qd6 28. Ne5 $16 Qc5 $6 29. c4 $1 $18 {[%cal Gd1a4,
Gd1h5] Suddenly white queen becomes a real threat for the black king!} b3 (
29... bxc3 30. Qa4+ $18) 30. Qxh5 {Now it is over for black.} Kd8 31. Qxf7 Qb4
32. Nd3 $1 bxa2+ 33. Ka1 Qd6 34. c5 Qd7 (34... Rxc5 35. Qf8+ Kd7 36. Rxe7+ Qxe7
37. Nxc5+ $18) 35. Ne5 Qe8 36. Qe6 1-0

[Event "Corus-B"]
[Site "Wijk aan Zee"]
[Date "2005.01.15"]
[Round "1"]
[White "Karjakin, Sergey"]
[Black "Ernst, Sipke"]
[Result "1-0"]
[WhiteElo "2599"]
[BlackElo "2509"]
[Annotator "Finkel,A"]
[PlyCount "67"]
[EventDate "2005.01.15"]
[EventType "tourn"]
[EventRounds "13"]
[EventCountry "NED"]
[EventCategory "13"]
[SourceTitle "CBM 105"]
[Source "ChessBase"]
[SourceDate "2005.04.11"]
[SourceVersion "1"]
[SourceVersionDate "2005.04.11"]
[SourceQuality "1"]

1. e4 e6 2. d4 d5 3. Nc3 Nf6 4. e5 Nfd7 5. f4 c5 6. Nf3 Nc6 7. Be3 Qb6 8. Na4
Qa5+ 9. c3 b6 {Quite similar positios arise after 9...c4; the only difference
is a position of the white bishop.} (9... c4 10. b4 Qc7 (10... Nxb4 11. cxb4
Bxb4+ 12. Kf2 b5 13. Nc5 Nxc5 14. dxc5 Bd7 15. Be2 Bc3 16. Bd2 Bxd2 17. Qxd2
Qxd2 18. Nxd2 Rc8 19. Ke3 Rxc5 20. Kd4 $14 {Frolyanov,D-Salinnikov,D/Tomsk 2002
}) 11. Nb2 Be7 (11... b5 12. a4 (12. Be2 a5 13. a3 Qa7 14. O-O axb4 15. axb4
Qxa1 16. Qxa1 Rxa1 17. Rxa1 Nb6 18. Bd1 Be7 19. Bd2 Bb7 20. Bc2 $14 {Moingt,
J-Schemm,H/Lugano 1989}) 12... Rb8 (12... Ba6 13. g3 Be7 14. Bg2 O-O 15. O-O
Rfb8 16. f5 $16 {Gebigke,M-Wilke,M/Kassel 1996}) 13. axb5 Rxb5 14. Qa4 Qb6 15.
Nxc4 dxc4 16. Bxc4 a6 17. O-O $16 {Kolar,S-Kozamernik,J/Bled 1992}) (11... a5
12. b5 Ne7 13. a4 Nb6 14. Be2 Bd7 15. Kf2 O-O-O 16. Ng5 Be8 17. g4 h6 18. Nf3
Qd7 19. Qc2 $14 {Karner,C-Marzluf,D/Werfen 1993}) 12. a4 $5 O-O 13. Be2 Rb8 14.
O-O f5 $5 15. Qe1 a6 16. Kh1 b5 17. a5 Qd8 18. Rg1 Rb7 19. Nd1 Kh8 20. Nf2 Qe8
21. Bd1 $1 $16 {Ivanchuk,V-Bareev,E/Dubai 2002}) 10. Bd2 c4 11. b4 Nxb4 {
This piece sacrifice seems to be pretty forced, because black faces serious
difficulties after playing Qa6 and letting white to close the queenside. The
great example of white's plan in that case is the game Ivanchuk-Bareev/Dubai
2002.} (11... Qa6 12. a3 (12. Be2 Be7 13. O-O O-O 14. Qc2 f6 15. Nb2 b5 16. a4
Nb6 17. exf6 gxf6 18. f5 e5 19. Be3 Bd7 20. a5 Nc8 21. Rad1 Nd6 $132 {Nijboer,
F-Polster,W/Germany 2003}) (12. Qc2 Be7 13. Nb2 b5 14. Be2 Qb7 15. O-O a5 16.
a3 $14 {1/2-1/2 Landa,K-Shaposhnikov,E/St Petersburg 2004/CBM 102 (16)}) (12.
Nb2 $5 {[%cal Ga2a4,Gf1e2,Ge1g1,Gd1e1,Ge2d1,Gd1c2]}) 12... Qb7 13. g3 b5 14.
Nb2 a5 15. Bh3 Be7 16. O-O g6 17. Qc2 axb4 18. axb4 Rxa1 19. Rxa1 $14 {
Konguvel,P-Barua,D/Nagpur 2002}) 12. cxb4 Bxb4 13. Bxb4 $5 {In my opinion more
dangerous for black is 13.Qc2 keeping the queens on the board, but Karjakin
obviously was well prepared for the move he opted for in the game.} (13. Qc2 $5
Bxd2+ 14. Nxd2 b5 15. Nc3 b4 16. Nd1 $5 (16. Qa4 Qb6 17. Nb5 O-O 18. Nf3 f6 19.
Be2 fxe5 20. fxe5 $16 {Skripchenko,A-Hmadi,S/Djerba 1998}) 16... Qb6 17. Nf3
O-O 18. Be2 f6 19. exf6 Rxf6 20. g3 Nb8 21. Nf2 Nc6 22. Rd1 $16 {Luther,
T-Cremers,M/Bad Zwesten 2004}) (13. Kf2 Bxd2 14. Nxd2 b5 15. Nc5 Nxc5 16. dxc5
b4 17. Nf3 Bd7 18. Qd4 Rc8 19. Be2 Qxc5 $132 {Zontakh,A-Salmensuu,O/Budapest
1999}) (13. Rc1 Bxd2+ 14. Nxd2 b5 15. Nc3 b4 (15... O-O 16. a3 Qxa3 17. Nxb5
Qe3+ 18. Be2 Qxf4 19. g3 Qg5 20. Nf3 $16 {Polzin,R-Wornath,K/Germany 2001}) 16.
Nxd5 $6 Qxd5 17. Nxc4 O-O 18. Be2 Qxg2 19. Bf3 Qh3 20. Bxa8 Qh4+ 21. Kd2 Qxf4+
22. Kc2 Ba6 $15 {Nijboer,F-Visser,Y/Hoogeveen 2002}) 13... Qxb4+ 14. Kf2 b5 15.
Nc5 Nxc5 16. dxc5 Qxc5+ 17. Qd4 Qxd4+ 18. Nxd4 Bd7 19. Be2 Ke7 20. a3 a5 21.
Rhb1 Rhb8 22. Ke3 {Doubling the rooks over the b-file turned out to be the
wrong plan for white in the game between 2 Dutch players:} (22. Rb2 Rb6 23.
Rab1 $6 Rab8 24. Nc2 $6 f6 25. Ke3 fxe5 26. fxe5 Be8 $1 27. Kd4 Bg6 $15 {
L'Ami,E-Visser,Y/Leeuwarden 2004}) 22... Rb6 23. Bd1 f6 ({It's necessary for
black to transfer b4 because his queenside pawns are his main tramp:} 23...
Rab8 $5 24. h4 b4 25. axb4 axb4 26. g4 (26. Bc2 b3 27. Bd1 (27. Bxh7 $6 Rh8 28.
Bc2 Rxh4 $15) 27... f6 $13) 26... f6 27. g5 $14) 24. Bc2 h6 $6 25. h4 Rab8 26.
g4 Rf8 $6 {Black insists on keeping the pawn on b5 suspecting to open up an
a-file.} (26... b4 27. axb4 axb4 28. Bg6 R8b7 29. g5 $14) 27. Rh1 $5 fxe5 28.
fxe5 $14 Rbb8 {It was too late for 28...b4:} (28... b4 $6 29. axb4 axb4 30. Ra7
b3 (30... Rfb8 31. Rf1 R8b7 32. Rxb7 Rxb7 33. Bg6 Be8 34. Bxe8 Kxe8 35. Nxe6
Re7 36. Rf8+ Kd7 37. Nc5+ Kc6 38. Kd4 $18) 31. Bg6 c3 32. Rc1 c2 (32... Rc8 33.
Rf1 $18 {[%cal Gf1f7]}) 33. Bxc2 bxc2 (33... Rc8 34. Nxb3 Rxb3+ 35. Bxb3 Rxc1
36. Ba4 $18) 34. Rxc2 Rd8 35. Nc6+ Rxc6 36. Rxc6 $18) 29. g5 Ra8 (29... Rb7 30.
gxh6 gxh6 31. Rhg1 b4 32. axb4 axb4 33. Ba4 $1 {[%csl Re6]} Bxa4 34. Rxa4 b3
35. Ra6 b2 36. Rxe6+ Kf7 37. Rb1 Rb3+ 38. Nxb3 Kxe6 39. Nc5+ Kf5 40. Rxb2 $18)
(29... hxg5 $5 30. hxg5 Rh8 31. Rab1 Rxh1 32. Rxh1 Kf7 33. Rf1+ Ke7 34. Bg6 Rf8
) 30. Rhg1 $1 $18 {Black can't do nothing to prevent white's invasion on the
kingside.} h5 (30... hxg5 31. Rxg5 Rf7 32. Bg6 Rff8 33. Bh5 Rg8 34. Rag1 Kf8
35. Rf1+ $18) 31. Rgb1 $1 Rab8 32. Bg6 b4 33. axb4 axb4 34. Ra7 (34. Ra7 Kd8
35. Rba1 b3 36. R1a6 Kc8 37. Rd6 $18) 1-0

[Event "United Insurance 4th"]
[Site "Dhaka"]
[Date "1999.02.26"]
[Round "8"]
[White "Reefat, Bin Sattar"]
[Black "Shulman, Yuri"]
[Result "0-1"]
[WhiteElo "2354"]
[BlackElo "2523"]
[Annotator "Finkel,A"]
[PlyCount "64"]
[EventDate "1999.02.19"]
[EventType "tourn"]
[EventRounds "13"]
[EventCountry "BAN"]
[EventCategory "10"]
[SourceTitle "CBM 070"]
[Source "ChessBase"]
[SourceDate "1999.06.08"]
[SourceVersion "1"]
[SourceVersionDate "1999.06.08"]
[SourceQuality "1"]

1. e4 e6 2. d4 d5 3. Nc3 Nf6 4. e5 Nfd7 5. f4 c5 6. Nf3 a6 (6... Qb6 7. Be3
Qxb2 $6 (7... cxd4 $5 8. Bxd4 Bc5 9. Na4 Qa5+ 10. c3 Bxd4 11. Nxd4 Nc6 12. b4
Qd8 13. Bd3 $14 {Apicella,M-Dolmatov,S/Cannes op 1994 (22)}) (7... Be7 8. Na4
Qa5+ 9. c3 c4 $6 10. b4 cxb3 11. axb3 Qc7 12. Bd3 $16 {Mirnik,B-Fischer,C/RLNN
1988 (19)}) 8. Nb5 cxd4 9. Nc7+ Kd8 10. Bxd4 Bb4+ 11. Kf2 Bc5 12. Nxa8 Nc6 13.
Bxc5 Nxc5 14. Bd3 $16 {Solin,N-Tuominen,R/Stockholm op 1994 (38)}) 7. Be3 Qb6
8. Rb1 {Possible continuation,which is on my opinion not worse than popular 8.
Na4.} (8. Na4 Qc6 (8... Qa5+ $5 9. c3 cxd4 10. b4 Qc7 11. Qxd4 Nc6 (11... a5 $5
12. b5 b6 13. Be2 Nc5 14. O-O Nbd7 15. Rac1 Bb7 16. Kh1 Be7 $11 {Jonasson
Benedikt-Thorhallsson Throstur/Ch Iceland Gardabaer (Iceland) 1996 (39)}) 12.
Qd2 Be7 (12... b5 13. Nb2 f6 14. a4 $5 Rb8 15. axb5 axb5 16. Nd4 Nxd4 17. Bxd4
fxe5 18. fxe5 Be7 $11 {Skripchenko,A-Matveeva,S/Beograd Yugometal 1996 (39)})
13. Bd3 O-O 14. O-O b5 15. Nb2 Nb6 16. a4 Nc4 17. Nxc4 dxc4 18. Be4 $14 {
Vodicka Vladimir-Pachman Ludek/Extra League 1996/1/2-1/2 (57)}) 9. Nxc5 Nxc5
10. dxc5 Bxc5 11. Qd2 (11. Bxc5 Qxc5 $10) 11... Qb6 (11... Bd7 12. O-O-O Bxe3
13. Qxe3 Qa4 14. Kb1 Nc6 (14... Bb5 $2 15. g4 $36) 15. Bd3 O-O-O $1 (15... Nb4
16. a3 Nxd3 17. Qxd3 $14) 16. c3 d4 $1 $132 {~/= Luther,T-Piskov,Y/Erfurt 1993
(24)}) 12. Bxc5 Qxc5 13. O-O-O Nc6 14. Kb1 $14 Bd7 15. g3 $5 {Ulibin,M-Alavkin,
A/RUS-Cup6 1997} (15. h4 $5)) (8. a3) (8. Qd2 $6 Qxb2 9. Rb1 Qa3 10. f5 Nc6 11.
Be2 cxd4 12. Nxd4 Nxd4 13. Bxd4 Bc5 $17 {Voigt Martin-Gleizerov Evgeny/It 
(open), Hamburg (Germany) 1995 (25)}) 8... Nc6 9. Qd2 (9. g3 $5) 9... Qa7 $6
10. Nd1 cxd4 (10... Be7 11. Be2 O-O 12. O-O b5 13. c3 b4 14. Nf2 $14) 11. Nxd4
Nxd4 12. Bxd4 Bc5 13. c3 f6 14. Qe3 $5 {This move leads to certain advantage,
but after} (14. exf6 $5 Nxf6 (14... gxf6 $6 15. Ne3 O-O 16. f5 $1 {[%csl Rd5]}
(16. Be2 $6) 16... Re8 17. fxe6 Rxe6 18. Be2 Bxd4 (18... Ne5 19. Nxd5 b5 20.
Nf4 Rd6 21. Rd1 $16) 19. cxd4 $16) 15. g3 (15. Qe3 $5 Bxd4 16. Qxd4 Qxd4 17.
cxd4 O-O 18. Nc3 Bd7 19. g3 $14) 15... Bd7 16. Bg2 O-O 17. O-O Rac8 18. Ne3 $14
{white could fight for more.}) 14... O-O 15. Nf2 (15. Bd3 $5 a5 (15... fxe5 16.
fxe5 b6 $2 17. Qh3 $1 $16 {[%cal Gh3h7,Gh3e6]}) (15... b5 $6 16. O-O Bb7 17.
Nf2 Rac8 18. exf6 Rxf6 19. Ng4 $16) 16. O-O Bxd4 17. cxd4 b6 18. exf6 Nxf6 19.
Rc1 $14) 15... fxe5 16. fxe5 Rf5 17. Be2 $2 {Blundering a pawn!After correct} (
17. Nd3 b6 18. Be2 Bxd4 19. cxd4 Nf8 20. Rf1 Rxf1+ 21. Kxf1 Bd7 22. Rc1 $14 {
white still keeps an edge,but black has good chanses to equalize.}) 17... Rxe5
18. Qd2 Rf5 19. O-O Nf8 $6 {Too passive continuation significiently reducing
black's advantage.Correct was} (19... e5 $1 20. Bg4 Rf6 21. Bxc5 Qxc5 22. Rbe1
Nb6 $1 23. Bxc8 Rxc8 $17 {with big positional advantage in addition to pawn.})
20. Bd3 Rf7 21. Qe3 Bxd4 (21... b6 22. Ng4) 22. cxd4 Bd7 23. Ng4 Rxf1+ 24. Rxf1
Bb5 25. Bxb5 (25. Qf4 $5 b6 26. Bxb5 axb5 27. Ne5 Qe7 $15) 25... axb5 26. h4 $6
{White loses a thread and loses a game in 5 moves,while it's far from being
easy for black to convert his material advantage into win.} (26. a3) 26... b4
27. Kh1 $6 b5 28. Ne5 Qe7 29. h5 $6 (29. Qg3 Ng6 $1 30. Nxg6 (30. h5 Nxe5 31.
Qxe5 h6 $17) 30... hxg6 31. Ra1 Rc8 $17) 29... Qh4+ 30. Kg1 Qxh5 31. Rf7 $6 Ng6
$19 32. g4 Qh4 0-1

[Event "United Insurance 4th"]
[Site "Dhaka"]
[Date "1999.02.28"]
[Round "10"]
[White "Reefat, Bin Sattar"]
[Black "Hossain, Enamul"]
[Result "1-0"]
[WhiteElo "2354"]
[BlackElo "2310"]
[Annotator "Finkel,A"]
[PlyCount "81"]
[EventDate "1999.02.19"]
[EventType "tourn"]
[EventRounds "13"]
[EventCountry "BAN"]
[EventCategory "10"]
[SourceTitle "CBM 070"]
[Source "ChessBase"]
[SourceDate "1999.06.08"]
[SourceVersion "1"]
[SourceVersionDate "1999.06.08"]
[SourceQuality "1"]

1. e4 e6 2. d4 d5 3. Nc3 Nf6 4. e5 Nfd7 5. f4 c5 6. Nf3 Nc6 7. Be3 a6 8. Qd2 b5
9. dxc5 Bxc5 10. Bxc5 Nxc5 11. Qf2 Qb6 12. Bd3 b4 13. Ne2 Nxd3+ $6 {Dubious
variation,leading to an endgame,which is not so easy to hold.} (13... Na4 14.
b3 (14. Qxb6 Nxb6 15. Ned4 Nxd4 16. Nxd4 Bd7 17. O-O $6 O-O 18. Rf3 Na4 $11 {
Grabics,M-Voiska,M/Zeus-W 1991 (22)}) 14... Qxf2+ 15. Kxf2 Nc5 16. Ned4 Bb7 17.
Nxc6 Bxc6 18. a3 $14 {Mainka,R-Mueller,K/BL9192 1992}) (13... f6 14. O-O O-O
15. Qe3 Bd7 16. Kh1 Rf7 17. Rae1 Raf8 18. exf6 $14 {Iwaniuk,D-Zielinska,M/
POL-chW 1996 (34)}) (13... Rb8 14. O-O O-O 15. Kh1 f5 16. exf6 Rxf6 17. Qe3 a5
18. Ned4 Nxd4 19. Nxd4 $14 {Pulkkinen,K-Liedtke,M/Mlada Boleslav op 1992}) 14.
cxd3 Qxf2+ 15. Kxf2 Ke7 (15... a5 16. Rac1 Kd7 17. Ned4 Nxd4 18. Nxd4 Ba6 19.
Ke3 Rhc8 20. Nb3 Rc7 21. Rxc7+ Kxc7 22. Rc1+ Kb6 23. Nd4 $16 {Kuehn,T-Klemm,J/
Hamburg-chJ 1994 (35)}) 16. Rac1 Bd7 17. Rc5 Rhc8 18. Rhc1 f6 (18... Na7 19.
Rxc8 Rxc8 20. Rxc8 Nxc8 21. Ke3 Nb6 22. Kd4 Bb5 23. Nc1 $14 {Kreuzholz,
M-Kuczera,F/FRG-chJB 1990 (44)}) 19. Ke3 {Black is deprived of active
counterplay and it makes his defensive task very difficult.} Na7 (19... a5 20.
Ned4 Nxd4 21. Kxd4 a4 22. Rxc8 Bxc8 (22... Rxc8 23. Rxc8 Bxc8 24. Kc5 b3 25.
axb3 axb3 26. Nd2 $16) 23. Rc7+ Bd7 24. Rb7 $16) 20. Rxc8 Nxc8 21. Ned4 Na7 22.
h4 $5 {Good waiting move giving black the possibility to decide what to do
next.} (22. Rc7 $5 Kd8 (22... Nb5 23. Rb7 Rc8 24. Nxb5 axb5 25. Nd4 Rc5 26. Kd2
$16) 23. Rb7 Nb5 $1 24. Nb3 (24. f5 Kc8 25. Rb6 Kc7 26. Rxe6 Nxd4 27. Nxd4 Bxe6
28. Nxe6+ Kc6 29. d4 $13) 24... Rc8 25. Nfd4 $14) 22... Rc8 23. Rxc8 Bxc8 {
[%csl Ra7]} ({More persistant was} 23... Nxc8 $5 24. Nb3 Nb6 25. Nc5 a5 26. g4
Be8 27. Kd4 $14 {,but also in this case black's problems are not over.}) 24.
Nd2 Bd7 25. N2b3 fxe5 26. fxe5 Nc6 $2 {This move is simply resignation:without
the knight black doesn't have a chanse to hold the position.} 27. Nxc6+ $16
Bxc6 28. g3 {White has plenty of time.} Ba4 29. Kd4 Bb5 (29... Bxb3 30. axb3
Kd7 (30... Kf7 31. Kc5 Kg6 32. g4 h5 33. gxh5+ Kxh5 (33... Kf5 34. Kd6 a5 35.
d4 $18) 34. Kd6 Kxh4 35. Kxe6 g5 36. Kxd5 g4 37. e6 g3 38. e7 g2 39. e8=Q $18)
31. Kc5 Kc7 32. h5 $5 g6 33. hxg6 hxg6 34. g4 $18) 30. a3 $5 $18 ({Even
simplier way to win was} 30. Nc1 $1 {[%csl Gd3]} Kf7 (30... a5 31. Kc5 Be8 32.
Kb6 a4 33. Ka5 $18) 31. Kc5 b3 32. Nxb3 $1 Bxd3 33. Nd4 Ke7 34. b4 $18 {
[%csl Re6][%cal Ga2a5,Gb4b5]}) 30... bxa3 31. bxa3 Kf7 (31... h5 32. Nc5 Kf7
33. a4 Bc6 34. a5 Bb5 35. Nb7 Ba4 36. Nd6+ Ke7 37. Kc5 Bc2 38. d4 Bd3 39. Kb6
$18 {[%csl Ra6][%cal Gd6b7,Gb7c5,Gc5a6]}) 32. Nc5 a5 $2 ({Black still could
put up some resistance after} 32... Ke7) 33. Nb7 Kg6 34. Nxa5 Kf5 35. Nb7 Ba6 (
35... Kg4 $5 36. Nc5 Kxg3 37. a4 $1 Bc6 38. a5 Kxh4 39. Nxe6 g5 40. Kc5 Bb7 41.
Kb6 $1 Bc8 42. a6 $18) 36. Nc5 Bc8 37. a4 Kg4 38. a5 Kxg3 39. Nxe6 $1 {[%cal
Ga5a8,Ge5e8] Bishop is helpless against two passed pawns.} Kxh4 (39... Bxe6 40.
a6 Bc8 41. a7 Bb7 42. e6 $18) 40. Nxg7 Kg5 41. Kxd5 1-0